Capitals of Countries Bordering Romania - Statistics

General Stats
  • This quiz has been taken 206 times
  • The average score is 5 of 5
Answer Stats
Country Capital % Correct
Bulgaria Sofia
97%
Hungary Budapest
95%
Ukraine Kiev
95%
Moldova Chisinau
87%
Serbia Belgrade
84%
No matching quizzes found
Score Distribution
Percent of People with Each Score
Percentile by Number Answered
Your Score History
You have not taken this quiz